00725nam a22002057a 450000500170000001000150001702000260003203500140005803700090007208200120008110000250009324500460011825000060016426000360017027000910020630000190029794200270031699900190034395201570036220250724150657.0 aENG-146128 a9789348685940c250.00 aEN-129660 bDBAD a306.675 aDias, Anthony983311 aThe Paschalization of Time/cAnthony Dias a1 aBengalurubATC Publishersc2025 a9/12-1, 1st Floor, Lloyd's Road Cooke TownbBengalurue560005madmin@atcpublishers.com a142pc21cm(pb) 2ddccENh30.6.675mDIA c212585d212585 001040718NFICaBNbBNd2025-07-24eDelivery of Books Act Divisiong250.00l0o30.6.675 DIApEN-129660r2025-07-24 00:00:00t1v250.00w2025-07-24yEN